Statistiques concernant Géographie européenne par lettre - S

Cliquez ici pour prendre le quiz!

Statistiques générales

  • Ce quiz a été pris 821 fois
    (759 depuis la dernière actualisation)
  • Le résultat moyen est 15 sur 22

Statistiques - réponses

indicerépondre% Correct
Pays nordiqueSuède
99%
Cathédrale la plus célèbre de VeniseSaint-Marc
92%
Capitale de la BulgarieSofia
92%
Une des langues officielles est le romancheSuisse
91%
Île où opère le syndicat du crime mafiaSicile
90%
Deuxième plus grande île méditerranéenneSardaigne
88%
Le fleuve de RouenSeine
86%
Le plus riche des pays yougoslavesSlovénie
82%
LéningradSaint-Pétersbourg
80%
Capitale de l'AndalousieSéville
80%
La ville accueille de le Conseil de l'EuropeStrasbourg
78%
Lieu de naissance de MozartSalzbourg
73%
Ancien rival militaire d'AthènesSparte
71%
Le Mans est la capitale de ce départementSarthe
69%
Un archiduc a été abattu ici en 1914Sarajevo
67%
Destination pèlerine espagnoleSaint-Jacques-
de-Compostelle
65%
Péninsule contenant la SuèdeScandinavie
58%
Nom allemand pour rueStraße
56%
Finlande en finnoisSuomi
44%
Ville d'acier du nord de l'AngleterreSheffield
20%
Archipel britannique le plus au nordShetland
18%
Lieu de naissance de ShakespeareStratford-
upon-Avon
17%

Distribution des résultats

Percentile par nombre de réponses

% des personnes avec chaque résultat

Votre développement - résultats

Vous n’avez pas pris ce quiz depuis la dernière actualisation